| 000 | 00446cam a2200169ua 4500 | ||
|---|---|---|---|
| 001 | 6047 | ||
| 008 | 131106n ii |||gr||||Z||||||asm | ||
| 040 | _cMAIN | ||
| 082 | _a954 | ||
| 245 |
_aTattwa Tathya Itihas Aru Bitarka _cBy Ramesh Kalita |
||
| 260 |
_aGuwahati: _bAshok Book Stall, _c2008. |
||
| 300 | _ax,219p. | ||
| 653 | _aSouth Asia India | ||
| 653 | _aTattwa Tathya Itihas Aru Bitarka | ||
| 700 |
_aKalita,Ramesh, _eAuthor. |
||
| 942 | _cBK | ||
| 999 |
_c5200 _d5200 |
||